00833nam a22002297a 4500008004100000020001700041040000900058050002300067100002800090245013000118250001300248260004300261300003200304504005100336650003100387650002700418650002400445700003900469700002900508700003200537700003400569250701b |||||||| |||| 00| 0 eng d a978035744213 aMksU aHD 38.6b.L36 2022 aLangley, C. John, Jr. aSupply Chain Management : ba logistics perspective /c John Langley Jr., Robert A. Novack, Brian J. Gibson, John J. Coyle. a11th ed. a Boston, MA :bCengage Learning,c2022 axxvi, 628p. :bill. ;c26cm aIncludes bibliographical references and index. aSupply chain management.  aIndustrial management. aBusiness logistics. aLangley, C. John, Jr., eauthor. aCoyle, John J.,eauthor. aGibson, Brian J., eauthor. aNovack, Robert A., eauthor.